| 000 | 01659nab a2200313 a 4500 | ||
|---|---|---|---|
| 005 | 20210223132616.0 | ||
| 008 | 991125s1985 mx 000 0 spa u | ||
| 035 | _aUPN01000203206 | ||
| 049 | _aART-E | ||
| 100 | 1 |
_aAguilar Idáñez, María José _928676 |
|
| 100 | 1 | _umariajose.aguilar@uclm.es | |
| 222 | 0 |
_aBARATARIA : _bREVISTA CASTELLANO – MANCHEGA DE CIENCIAS SOCIALES |
|
| 245 | 0 | 0 | _aDiscriminaciones múltiples de los migrantes en perspectiva de derechos |
| 260 | _aEspaña | ||
| 300 | _a39-54 | ||
| 362 | 0 | _a2014 No. 17 | |
| 520 | 3 | _aSe definen y analizan en perspectiva jurídica europea e internacional cuatro de las diferentes formas de discriminación que afectan a las personas migrantes, casi siempre de forma simultánea: discriminación contra trabajadores inmigrantes, discriminación por motivos étnicos o raciales, discriminación por origen social, y discriminación por procedencia nacional. Aunque se trata de formas de discriminación habitualmente solapadas, es importante diferenciar unas de otras porque los instrumentos jurídicos que protegen cada una de estas características no son idénticos ni se aplican del mismo modo en la Unión Europea. | |
| 653 | 0 | _aDISCRIMINACION ETNICA | |
| 653 | 0 | _aDISCRIMINACION RACIAL | |
| 653 | 0 | _aTRABAJADOR MIGRANTE | |
| 653 | 0 | _aDISCRIMINACION POR ORIGEN SOCIAL | |
| 653 | 0 | _aDISCRIMINACION POR PROCEDENCIA NACIONAL | |
| 856 | 4 | _uhttp://revistabarataria.es/ojs/index.php/Barataria/article/view/27/16 | |
| 905 | _aArticulo | ||
| 336 | _atexto$2rdacontent | ||
| 337 | _acomputadora$2rdamedia | ||
| 338 | _arecurso en linea$2rdacarrier | ||
| 999 |
_c175307 _d175307 |
||